000 00485nam a2200181 i 4500
001 C2-0303074
003 PPAK
005 20180729001028.0
008 100311s2008 my |||| ||||| | may d
040 _aPPAK
_beng
_cPPAK
_erda
245 0 0 _aRahsia Belajar Cemerlang
264 1 _aSelangor :
_bMorapis Edar ,
_c2008
336 _2rdacontent
_atext
337 _2rdamedia
_aunmediated
338 _2rdacarrier
_avolume
500 _aDisertakan dengan buku sisipan
942 _2ddc
_cVCD
999 _c166037
_d166037